000 00609nam a22002177a 4500
005 20211215144344.0
008 211215b ||||| |||| 00| 0 eng d
020 _a8185076
040 _cAL
041 _aeng
082 _223
_a305.568
_bCHAS
100 _aB P Chaurasia
_911671
245 _aScheduled Castes and Scheduled Tribes in India
260 _aAllahabad
_bChugh Publications
_c1990
300 _axvi,370 p.
_bHB
_c21x14 cm.
650 _aCaste System
_911667
650 _aScheduled Caste
_911668
650 _aScheduled Tribes
_911669
700 _aCHAURASIA (B P)
_911670
942 _2ddc
_cGF
999 _c220949
_d220949